| 000 | 00914nam a2200181Ia 4500 | ||
|---|---|---|---|
| 008 | 100921s9999 xx 000 0 und d | ||
| 082 |
_b28996 _a922 थ 97 |
||
| 100 | _aजोशी लक्ष्मणशास्त्री,संपा. खंडकर अरूंधती. | ||
| 245 | _aआद्य शंकराचार्य जीवन आणि विचार. | ||
| 260 |
_bश्रीविद्या प्रकाशन, पुणे. _c1997 |
||
| 300 |
_a94 _bश्रीविद्या,पुणे |
||
| 365 | _b80 | ||
| 520 | _aचरित्रे-धर्मनेते,संत. | ||
| 630 | _aआद्य शंकराचार्य जीवन आणि विचार. | ||
| 650 | _aचरित्रे-धर्मनेते,संत. | ||
| 730 | _aआद्य शंकराचार्य जीवन आणि विचार. | ||
| 942 | _cBOOK | ||
| 999 |
_c778109 _d778106 |
||